Unstoppable! / (Record no. 41830)
| 000 -LEADER | |
|---|---|
| fixed length control field | 01430cam a2200337 i 4500 |
| 001 - CONTROL NUMBER | |
| control field | 20944445 |
| 005 - DATE AND TIME OF LATEST TRANSACTION | |
| control field | 20210106084037.0 |
| 008 - FIXED-LENGTH DATA ELEMENTS--GENERAL INFORMATION | |
| fixed length control field | 190423t20202020caua j 000 1 eng c |
| 010 ## - LIBRARY OF CONGRESS CONTROL NUMBER | |
| LC control number | 2019018093 |
| 020 ## - INTERNATIONAL STANDARD BOOK NUMBER | |
| International Standard Book Number | 9781452165042 |
| Qualifying information | (hc : |
| -- | alk. paper) |
| 040 ## - CATALOGING SOURCE | |
| Original cataloging agency | NJQ/DLC |
| Language of cataloging | eng |
| Transcribing agency | NJQ |
| Description conventions | rda |
| Modifying agency | DLC |
| 042 ## - AUTHENTICATION CODE | |
| Authentication code | lcac |
| -- | pcc |
| 050 00 - LIBRARY OF CONGRESS CALL NUMBER | |
| Classification number | PZ7.R32865 |
| Item number | Ur 2020 |
| 082 04 - DEWEY DECIMAL CLASSIFICATION NUMBER | |
| Classification number | [E] |
| Edition number | 23 |
| 100 1# - MAIN ENTRY--PERSONAL NAME | |
| Personal name | Rex, Adam, |
| Relator term | author. |
| 9 (RLIN) | 77341 |
| 245 10 - TITLE STATEMENT | |
| Title | Unstoppable! / |
| Statement of responsibility, etc | written by Adam Rex ; illustrated by Laura Park. |
| 260 ## - PUBLICATION, DISTRIBUTION, ETC. (IMPRINT) | |
| Place of publication, distribution, etc | San Francisco : |
| Name of publisher, distributor, etc | Chronicle Books LLC, |
| Date of publication, distribution, etc | 2020. |
| 300 ## - PHYSICAL DESCRIPTION | |
| Extent | 1 volume (unpaged) : |
| Other physical details | color illustrations ; |
| Dimensions | 29 cm |
| 520 ## - SUMMARY, ETC. | |
| Summary, etc | When a bird and a crab team up to combine the advantages of flight and claws, it gives them an idea: why not expand the team to include other animals who have a special trait--and soon they all set out to rescue their lake from development, because united together they are unstoppable. |
| 650 #0 - SUBJECT ADDED ENTRY--TOPICAL TERM | |
| Topical term or geographic name as entry element | Animals |
| Form subdivision | Juvenile fiction. |
| 9 (RLIN) | 77342 |
| 650 #0 - SUBJECT ADDED ENTRY--TOPICAL TERM | |
| Topical term or geographic name as entry element | Cooperativeness |
| Form subdivision | Juvenile fiction. |
| 9 (RLIN) | 56804 |
| 650 #0 - SUBJECT ADDED ENTRY--TOPICAL TERM | |
| Topical term or geographic name as entry element | Social action |
| Form subdivision | Juvenile fiction. |
| 9 (RLIN) | 77343 |
| 650 #0 - SUBJECT ADDED ENTRY--TOPICAL TERM | |
| Topical term or geographic name as entry element | Humorous stories. |
| 9 (RLIN) | 77344 |
| 650 #1 - SUBJECT ADDED ENTRY--TOPICAL TERM | |
| Topical term or geographic name as entry element | Animals |
| Form subdivision | Fiction. |
| 9 (RLIN) | 77345 |
| 650 #1 - SUBJECT ADDED ENTRY--TOPICAL TERM | |
| Topical term or geographic name as entry element | Cooperativeness |
| Form subdivision | Fiction. |
| 9 (RLIN) | 53858 |
| 650 #1 - SUBJECT ADDED ENTRY--TOPICAL TERM | |
| Topical term or geographic name as entry element | Social action |
| Form subdivision | Fiction. |
| 9 (RLIN) | 77346 |
| 650 #1 - SUBJECT ADDED ENTRY--TOPICAL TERM | |
| Topical term or geographic name as entry element | Humorous stories. |
| 9 (RLIN) | 77344 |
| 655 #7 - INDEX TERM--GENRE/FORM | |
| Genre/form data or focus term | Humorous fiction. |
| Source of term | lcgft |
| 9 (RLIN) | 77347 |
| 700 1# - ADDED ENTRY--PERSONAL NAME | |
| Personal name | Park, Laura, |
| Dates associated with a name | 1980- |
| Relator term | illustrator. |
| 9 (RLIN) | 77348 |
| 942 ## - ADDED ENTRY ELEMENTS (KOHA) | |
| Source of classification or shelving scheme | |
| Withdrawn status | Lost status | Source of classification or shelving scheme | Damaged status | Not for loan | Home library | Current library | Date acquired | Total Checkouts | Full call number | Barcode | Date last seen | Date checked out | Price effective from | Koha item type |
|---|---|---|---|---|---|---|---|---|---|---|---|---|---|---|
| Logos International School | Logos International School | 01/06/2021 | 11 | E REX | 39052858 | 03/16/2026 | 03/13/2026 | 01/06/2021 | Book |